00807 2200181 4500001002100000005001500021035002000036245006300056100001000119250001000129300002600139260004200165082000800207084001400215020002200229650001600251520035800267INLIS00000000000006820210210115126 a0010-02210000411 aJago Ngomong Bahasa Inggris Sehari-hari /cFitri Rahmawati0 aFitri acet.2 a152hal. ;c13 x 19 cm aTangerang Selatan :bCemerlang,c2019 a420 a420 FIT j a978-602-51766-4-7 4aPengetahuan aDalam mempelajari sebuah bahasa, kita harus merujuk pada contoh-contoh yang benar. Contoh ini nantinya akan kita gunakan sebagai model pada saat kita berlatih. Semakin otentik sumber belajar yang kita gunakan, semakin baik hasil yang kita dapatkan. Buku yang dapat memberikan gambaran tentang bagaimana penutur bahasa Inggris berkomunikasi sehari-hari.